00991nam a2200253Ia 4500008004100000020001600041040001400057082002000071100004200091245006000133260006000193300001600253365002600269366000800295505001900303530003000322620008200352630006000434650001700494730006000511942000900571999001900580952013800599100315s9999 xx 000 0 und d a987654321  cENGLISH  b7953 a150.8  a"Merbaum, Michael, Stricker, George " aSearch For Human Understanding : A Reader in Psychology aNew York b"Holt Rinehart and Winston, Inc  "c1975  a"X, 421  " eRupees d1 b0.00  f0  gJaya Nikhade  bDonared By RBI Library   a"The Great Psychologists, Learning for Memory, Intelligence,The Human Body " aSearch For Human Understanding : A Reader in Psychology aPSYCHOLOGY  aSearch For Human Understanding : A Reader in Psychology cBOOK c482688d482685 00104070aVPMBRIMSbVPMBRIMSd2009-05-06g0.00l0o150.8 /MER/STR  7953 pVPMBRIMS-7953 r2010-03-19 00:00:00w2010-03-19yBOOK